LEADER 01518nam a2200289 4500 001 000000366781 003 CaOOAMICUS 005 20260312110519.0 008 260309s2007 it 000 u ita r 020 $a978-88-311-7327-8 040 $aSeMil$bita 100 1 $aLa Pira, Giorgio,$c.$0(OLS)http://semarc/name/6864 245 10$aScritti vincenziani /$cGiorgio La Pira ; a cura di Giancarlo Gallici ; in appendice saggio: Vittorio Peri, Giorgio La Pira e le conferenze vincenziane. 264 1$aRoma :$bCittà Nuova ;$a[s.l.] :$bFondazione Federico Ozanam-Vincenzo De Paoli,$c2007. 300 $a205 p. ;$c23 cm 650 4$aLa Pira, Giorgio - Scritti - Il Samaritano .$0(OLS)http://semarc/subject/59764 650 4$aSocietà di San Vincenzo de' Paoli.$0(OLS)http://semarc/subject/2385 700 1 $aPeri, Vittorio,$d<1932-2006>.$0(OLS)http://semarc/name/3601 700 1 $aGallici, Giancarlo.$0(OLS)http://semarc/name/123903 850 $aSeMil 852 $aSeMil$W1$xVenegono$y1$m3N III 687$j268386$B257560$CSeMilBibl$Z2$F257560 $81 961 $aBuzzi mons. Franco - Omaggio 996 $6020$a978-88-311-7327-8$9(OLS)http://semarc/number/305485 996 $6245$aScritti vincenziani$9(OLS)http://semarc/title/458569 996 $6264$aRoma :$bCittà Nuova$9(OLS)http://semarc/publisher/29609 996 $6264$a[s.l.] :$bFondazione Federico Ozanam-Vincenzo De Paoli$9(OLS)http://semarc/publisher/54072